[Event "Azerbaijan Championship 2022"]
[Site "Nakhchivan"]
[Date "2022.02.11"]
[Round "7.11"]
[White "Manafov, Vugar"]
[Black "Babayev, Talib"]
[Result "1-0"]
[WhiteElo "2299"]
[BlackElo "2256"]
[Annotator "TA"]
[PlyCount "93"]
[EventDate "2022.02.05"]
[EventCountry "AZE"]
[SourceTitle "playchess.com"]
[Source "ChessBase"]
[SourceQuality "1"]

{[%evp 9,93,19,26,14,4,2,-20,-35,-37,-43,-38,-8,-4,-18,0,0,0,0,0,0,0,0,0,0,0,0,41,45,46,44,38,45,46,42,49,50,43,43,65,65,58,65,65,65,61,57,75,57,107,65,75,75,108,109,250,247,275,258,244,234,317,237,221,228,254,252,286,279,390,370,462,454,722,722,778,775,744,668,811,807,1372,1202,1933,1676,2927,2369]} 1. Nf3 Nf6 2. g3 g6 3. b3 Bg7 4. Bb2 d6 5. d4 {[%cal Bd2d4,Bd4d5][%mdl 32]} c5 6. d5 {A49: 1 d4 Nf6 2 Nf3 g6 3 g3: Anti-King's Indian systems.} b5 7. a4 b4 {[#]} 8. Nbd2 $146 {The position is equal.} ({Predecessor:} 8. Bg2 O-O 9. Nfd2 Ba6 10. Nc4 Bxc4 11. bxc4 a5 12. O-O Nbd7 13. Nd2 Nb6 14. e4 {0-1 (31) Goiriz,Y (2090)-Bergonzi,O (2064) Asuncion 2013}) 8... O-O 9. e4 e6 10. dxe6 fxe6 11. e5 dxe5 12. Bg2 (12. Nxe5 Bb7 13. Rg1 Nfd7 $17) 12... Nd5 {[%cal Oe5e4] [#] And now ...e4! would win.} 13. Nxe5 Nd7 14. Qe2 Nc3 15. Bxc3 bxc3 16. Ndc4 {aiming for 0-0-0.} Nxe5 17. Rd1 Qf6 (17... Ba6 $11 18. Rxd8 Raxd8) 18. Nxe5 $1 $14 {Hoping for Ng4.} Ba6 $1 19. Ng4 $36 {[%mdl 2048] White has the initiative. Active counter play!} Bxe2 20. Nxf6+ Bxf6 21. Kxe2 Rab8 22. Rd6 Bd4 23. Rf1 e5 24. a5 Rbd8 25. Rxd8 Rxd8 {[%mdl 4096] Endgame KRB-KRB} 26. Be4 Rd6 27. f3 {[%cal Bf2f3,Bf3g4,Bg4g5][%mdl 32]} g5 28. Kd3 Ra6 {[#]} ({Black should try} 28... h5 $14) 29. Ra1 (29. Rh1 $1 $16) 29... Rh6 30. Rh1 Ra6 31. h4 g4 {This move loses the game for Black.} (31... Rh6 $16) 32. fxg4 $18 Rf6 33. g5 Rf2 34. h5 Rd2+ 35. Kc4 Be3 36. Bf5 ({Don't play} 36. Kxc3 $6 Rd4 37. Bf5 Bxg5 $16) 36... Rd4+ 37. Kb5 Bxg5 38. Re1 ({Don't do} 38. Kxc5 Kg7 39. Re1 Be7+ 40. Kc6 Bb4 $18) 38... Bf6 39. Ka6 Kg7 40. Kxa7 {White is clearly winning.} Rb4 (40... Bd8 $142 41. a6 Kf6) 41. Re4 Rb5 42. a6 c4 43. Rxc4 {Threatens to win with Bd3.} e4 {Prevents Bd3.} 44. Bxe4 Rxh5 45. Bc6 Re5 46. Kb8 Re7 47. Re4 {Weighted Error Value: White=0.04 (flawless) /Black=0.24 (precise)} 1-0

[Event "Azerbaijan Championship 2022"]
[Site "Nakhchivan"]
[Date "2022.02.11"]
[Round "7.12"]
[White "Mustafayev, Farid"]
[Black "Atakishiyev, Elmar"]
[Result "1/2-1/2"]
[WhiteElo "2322"]
[BlackElo "2240"]
[Annotator "TA"]
[PlyCount "70"]
[EventDate "2022.02.05"]
[EventCountry "AZE"]
[SourceTitle "playchess.com"]
[Source "ChessBase"]
[SourceQuality "1"]

{[%evp 12,70,22,24,44,0,0,0,6,6,4,0,7,0,0,0,0,2,14,0,0,0,0,0,14,12,13,0,0,0,0,0,0,0,0,0,0,0,0,0,0,0,0,0,0,0,0,0,0,0,0,0,0,0,0,0,0,0,0,0,0]} 1. e4 e6 2. d4 d5 3. exd5 exd5 4. Bd3 Bd6 5. Nf3 Ne7 6. O-O Nbc6 7. c3 O-O {C01: French: Exchange Variation.} 8. Bg5 (8. Nh4 $14 {should be considered.}) 8... f6 $11 {The position is equal.} 9. Bh4 Bf5 10. Bg3 Qd7 11. Bxd6 Qxd6 12. Na3 Rae8 13. Re1 {[#]} Bxd3 $146 ({Predecessor:} 13... Bg4 14. h3 Bh5 15. Nc2 Nd8 16. Ne3 c6 17. Ng4 Bg6 18. g3 Nf7 19. Qc2 Bxd3 20. Qxd3 {0-1 (55) Al Ali,H (2274)-Khusnutdinov,R (2491) Chess.com INT 2020}) 14. Qxd3 Ng6 15. Rxe8 Rxe8 16. Re1 Rxe1+ 17. Nxe1 Qe6 18. Nac2 Nce7 19. Qe3 Kf7 20. Qxe6+ Kxe6 {[%mdl 4096] Endgame KNN-KNN} 21. Nd3 b6 {Prevents Nc5+.} 22. Ne3 c6 23. f3 Nf5 24. Nxf5 Kxf5 {KN-KN} 25. Nb4 Ne7 26. Kf2 Ke6 27. g3 a5 28. Nd3 g5 29. Ke3 Nf5+ 30. Kf2 Ne7 31. Ke3 Nf5+ 32. Kf2 Ne7 33. Ke3 Nf5+ 34. Kf2 Ne7 35. Ke3 Nf5+ {A rather calm draw.  Weighted Error Value: White=0.03 (flawless) /Black=0.02 (flawless)} 1/2-1/2

[Event "Azerbaijan Championship 2022"]
[Site "Nakhchivan"]
[Date "2022.02.12"]
[Round "8.1"]
[White "Mamedov, Nidjat"]
[Black "Iskandarov, Misratdin"]
[Result "0-1"]
[WhiteElo "2604"]
[BlackElo "2566"]
[Annotator "TA"]
[PlyCount "60"]
[EventDate "2022.02.05"]
[EventCountry "AZE"]
[SourceTitle "playchess.com"]
[Source "ChessBase"]
[SourceQuality "1"]

{[%evp 33,60,0,3,0,0,0,0,-82,-72,-83,-84,-157,-156,-220,-221,-222,-221,-210,-210,-287,-260,-430,-389,-442,-441,-570,-486,-468,-459]} 1. e4 e5 2. Nf3 Nc6 3. Bb5 a6 4. Ba4 Nf6 5. O-O Be7 6. Re1 b5 7. Bb3 O-O 8. c3 d5 9. exd5 Nxd5 10. Nxe5 Nxe5 11. Rxe5 c6 12. Bxd5 cxd5 13. d4 Bd6 14. Re3 Qh4 15. h3 Qf4 16. Re5 Qf6 17. Re3 Qf4 18. Rg3 {C89: Closed Ruy Lopez: Marshall Attack.} Qf6 19. Rf3 Qg6 20. Qd3 {Prevents Bf5.} (20. Re3 $11) 20... Re8 $40 {[%mdl 1152] Black has strong compensation. Black wants a kill.} 21. Bd2 Re4 {[#] Black is much more active. White has bad knights.} 22. Be3 $146 {[#]} (22. Qf1 $142) ({Predecessor:} 22. a4 Bf5 23. Qf1 bxa4 24. Rxa4 Re7 25. Na3 Be4 26. Re3 Bf4 27. Rxe4 Qxe4 28. Bxf4 Qxf4 29. Nc2 Qd6 30. Ne3 {½-½ (36) Tatai,S (2410)-Berzinsh,R (2390) Debrecen 1992}) 22... f5 $1 {[%cal Bf7f5,Bf5f4][%mdl 32]} 23. a4 (23. Qd1 $17 {was called for.}) 23... f4 $19 {And now ...Rxe3 would win.} 24. Bd2 Bf5 {[%cal Oe4e1] White must now prevent ...Re1+!} 25. Qf1 {Prevents Re1.} b4 26. a5 h5 27. Be1 $2 {[#]} (27. cxb4 Rxd4 28. Kh1) 27... Rae8 28. Nd2 Re2 {...Qe6 is the strong threat. Black is clearly winning.} 29. Nb3 Rxb2 30. cxb4 Be4 {White did not feel at home in the position after the opening.  Weighted Error Value: White=0.49/Black=0.06 (flawless)} 0-1

[Event "Azerbaijan Championship 2022"]
[Site "Nakhchivan"]
[Date "2022.02.12"]
[Round "8.2"]
[White "Suleymanli, Aydin"]
[Black "Ahmadzada, Ahmad"]
[Result "1/2-1/2"]
[WhiteElo "2530"]
[BlackElo "2467"]
[Annotator "TA"]
[PlyCount "62"]
[EventDate "2022.02.05"]
[EventCountry "AZE"]
[SourceTitle "playchess.com"]
[Source "ChessBase"]
[SourceQuality "1"]

{[%evp 22,62,35,30,28,-24,-9,-15,-22,-73,-82,-70,-55,-49,22,0,8,4,14,0,0,0,0,-27,-16,-49,0,0,0,0,10,8,31,16,33,-35,32,0,29,-43,29,0,50]} 1. d4 Nf6 2. c4 c5 3. d5 e6 4. Nc3 exd5 5. cxd5 d6 6. e4 g6 7. f4 Bg7 8. Bb5+ Nfd7 9. a4 O-O 10. Nf3 Na6 11. O-O Nb4 $1 {11...Nb4 is better than 11...Nc7.} 12. Re1 a6 {A67: Modern Benoni: Taimanov Variation.} 13. Bc4 (13. Bf1 $142) 13... Nb6 $11 14. Be2 Bg4 15. Na2 (15. Rf1 $11 {remains equal.}) 15... Re8 $17 {[#]} 16. a5 $146 ({Predecessor:} 16. Nxb4 cxb4 17. h3 Bxf3 18. Bxf3 Nc4 19. Qb3 Qb6+ 20. Kh2 Rac8 21. Rb1 h5 22. Be3 Nxe3 23. Qxe3 Qxe3 24. Rxe3 {0-1 (35) Arslanov,S (2416)-Khalifman,A (2618) St Petersburg 2015}) 16... Bxf3 (16... Nd7 $5 {[%cal Rd8a5]} 17. Nc3 Bxf3 18. Bxf3 c4 $11) 17. gxf3 {[#]} Bd4+ (17... N6xd5 $1 $15 18. exd5 Bd4+ 19. Kh1 Qxa5) 18. Kh1 $1 $11 {Strongly threatening Nxb4.} N6xd5 19. exd5 {Black must now prevent Nxb4.} Nxd5 20. Bc4 Qh4 $1 21. Bd2 (21. Rxe8+ $2 Rxe8 22. Bd2 Nxf4 23. Bxf4 (23. Nc3 $2 Nh3 $19) 23... Qxf4 $19) 21... Nxf4 22. Bxf4 {Dancing on a razor blade.} Qxf4 23. Qb3 Re5 (23... Be5 24. Re2 $11) (23... Kg7 $1 $15) 24. Rxe5 $1 (24. Qxb7 $2 Rae8 25. Rxe5 Bxe5 26. Qxf7+ Qxf7 27. Bxf7+ Kxf7 $19) 24... Bxe5 {[%csl Ge5][%cal Rf4h2] [#]} 25. Qc2 Qxf3+ 26. Qg2 Qxg2+ 27. Kxg2 Kg7 (27... Bxb2 28. Rb1 d5 29. Bxd5 $16) 28. Kh1 ({Better is} 28. Nc3 $14) 28... Kf8 (28... Bxb2 29. Rb1 Bd4 30. Rxb7 $16) (28... Rb8 $15) 29. Kg2 {[%mdl 1024] White has compensation.} (29. Nc3 $5 {[%cal Ra1a3]}) 29... Kg7 ({Don't play} 29... Bxb2 30. Rb1 d5 31. Bxd5 $16) 30. Kh1 (30. Nc3 $11) 30... Kf8 ({Don't do} 30... Bxb2 31. Rb1 Bd4 32. Rxb7 $16) ({Black should play} 30... Rb8 $15) 31. Kg2 (31. Nc3 $5 {[%cal Ra1a3]}) 31... Kg7 {Weighted Error Value: White=0.24 (precise) /Black=0.27 (precise)} ({Much less strong is} 31... Bxb2 32. Rb1 d5 33. Bxd5 $16) ({Black should try} 31... Rb8 $11) 1/2-1/2

[Event "Azerbaijan Championship 2022"]
[Site "Nakhchivan"]
[Date "2022.02.12"]
[Round "8.4"]
[White "Ibrahimli, Murad"]
[Black "Hasanzade, Toghrul"]
[Result "1-0"]
[WhiteElo "2418"]
[BlackElo "2292"]
[Annotator "TA"]
[PlyCount "115"]
[EventDate "2022.02.05"]
[EventCountry "AZE"]
[SourceTitle "playchess.com"]
[Source "ChessBase"]
[SourceQuality "1"]

{[%evp 9,115,39,40,0,48,13,72,77,77,71,81,84,87,68,68,80,80,65,120,110,126,100,99,72,62,68,61,48,63,50,68,56,31,36,63,72,87,33,103,108,89,59,66,56,61,64,121,82,66,60,102,77,126,130,125,123,125,123,229,218,216,189,256,247,247,239,401,428,455,494,489,477,485,487,403,245,619,616,611,597,612,612,1197,1148,1213,1241,1154,1059,1094,1050,1501,499,2224,1606,2031,1972,2612,2382,2139,2325,2576,1901,2170,1407,29936,12851,29990,29991]} 1. Nf3 Nf6 2. c4 g6 3. Nc3 d5 4. Qa4+ c6 5. cxd5 Nxd5 6. h4 {A16: English Opening: 1...Nf6 with ...d5.} h5 (6... Nb6 $11 7. Qf4 Na6) 7. Qd4 {[#]} (7. Nxd5 {keeps more tension.} Qxd5 8. e4 Qd8 9. d4 Bg7 10. Be3) 7... Nf6 $146 {[#]} (7... Rg8 $1 $11) ({Predecessor:} 7... Rg8 8. Qa4 Nb6 9. Qc2 Bg7 10. d3 c5 11. Be3 Na6 12. g3 Bf5 13. Qd2 c4 {1-0 (34) Hauchard,A (2527)-Cornette,M (2202) France 2001}) 8. Qxd8+ $1 $16 {White is better.} Kxd8 9. d4 Bg7 10. Ng5 Ke8 11. e4 {To avoid Nd5} Nh7 12. Be3 Nxg5 13. hxg5 f5 (13... b6 $14) 14. gxf6 $1 exf6 15. O-O-O {[%cal Ba1d1,Bd1d2,Bd2e2,Be2h2][%mdl 32]} Bh6 16. f4 Bg4 17. Rd2 Nd7 18. g3 Kf7 19. Bc4+ Kg7 20. Be2 Bxe2 21. Rxe2 Rae8 22. Kc2 Kf7 23. Kd3 ({White should play} 23. e5 $16) 23... Nb6 {[#]} (23... Rd8 $14) 24. Reh2 $1 {[%cal Og3g4]} Kg7 25. b3 Nc8 26. Bc1 Rd8 27. Ba3 Rde8 ({Better is} 27... Nd6 $14) 28. Nd1 Rd8 29. Ne3 Kf7 {White leaves nothing to chance now.} (29... Rhe8 $14 {is superior.}) 30. Rf1 Bf8 (30... Nb6 $142) 31. Bxf8 Rdxf8 32. Rfh1 {White is more active.} Kg7 33. f5 Nd6 (33... Rh7 $16 {was worth a try.} 34. fxg6 Kxg6) 34. fxg6 $18 Kxg6 35. g4 h4 (35... Kf7 $142 36. gxh5 (36. Rxh5 Rxh5 37. gxh5 Re8 $18) 36... Rfg8) 36. Ng2 (36. Rxh4 Rxh4 37. Rxh4 Re8 $14) 36... Kf7 37. Nxh4 ({Don't take} 37. Rxh4 $6 Rxh4 38. Nxh4 (38. Rxh4 Re8 $16) 38... Rh8 $16) 37... Rfg8 $2 (37... Kg8 {keeps fighting.} 38. e5 fxe5) 38. Nf5 Rxh2 39. Rxh2 Nxf5 40. gxf5 {[%mdl 4096] Endgame KR-KR} Rg3+ 41. Kc4 Kg7 42. e5 {[%cal Be4e5,Be5e6][%mdl 32] Strongly threatening Kc5.} Rg5 $2 (42... b6 43. e6 Rf3) 43. e6 b6 44. Rf2 Kf8 45. b4 {[%cal Bb3b4,Bb4a5][%mdl 32]} a6 46. a4 Rg1 47. a5 Rc1+ 48. Kd3 bxa5 49. bxa5 Ke7 50. Rb2 (50. Rg2 $142 Rf1 51. Rg7+ Kd8 52. Rd7+ Ke8 53. Ra7 Rxf5 54. Rxa6) 50... Rf1 (50... Rd1+ $142 51. Ke2 Rxd4 52. Rb7+ Ke8) 51. Rb7+ Ke8 52. Rb6 {[%csl LRa6,LRc6]} Rxf5 53. Rxc6 Rxa5 54. Kc4 Ke7 55. d5 {[%cal Bd4d5,Bd5d6][%mdl 32] White threatens Rc7+ and mate.} Ra4+ 56. Kc3 {Threatens to win with Rc7+.} f5 57. Rc7+ Ke8 58. d6 {Weighted Error Value: White=0.21 (precise) /Black=0.63} 1-0

[Event "Azerbaijan Championship 2022"]
[Site "Nakhchivan"]
[Date "2022.02.12"]
[Round "8.5"]
[White "Ilyasli, Ughur"]
[Black "Safarli, Eltaj"]
[Result "1/2-1/2"]
[WhiteElo "2310"]
[BlackElo "2597"]
[Annotator "TA"]
[PlyCount "107"]
[EventDate "2022.02.05"]
[EventCountry "AZE"]
[SourceTitle "playchess.com"]
[Source "ChessBase"]
[SourceQuality "1"]

{[%evp 9,107,12,33,0,0,-8,0,0,8,-1,-2,-15,0,-25,0,0,89,27,108,-31,-43,-33,-47,-45,53,53,67,53,81,71,77,55,51,51,53,54,47,53,56,58,56,0,0,0,5,0,0,0,0,0,0,-8,-8,-8,-8,-8,-8,-8,-8,-8,0,0,0,0,0,0,0,-8,-12,-12,-12,-16,0,0,0,-2,0,0,0,0,0,0,0,-8,-8,-8,0,0,0,0,0,0,0,0,0,0,0,0,0,0]} 1. e4 e5 2. Nf3 Nc6 3. Bc4 Bc5 4. c3 Nf6 5. d3 h6 6. Qe2 {C54: Giuoco Piano: 4 c3 Nf6, main lines with 5 d4 and 5 d3.} d6 7. Nbd2 a6 8. Bb3 Be6 9. Bc2 O-O 10. h3 d5 11. g4 {[%cal Bg2g4,Bg4g5][%mdl 32]} b5 12. g5 {[#]} Nh5 $146 {[#]} (12... dxe4 $11 {keeps the balance.} 13. gxf6 exf3 14. Qxf3 Qxf6 $1 15. Qxf6 (15. Qxc6 $2 Bxf2+ 16. Kf1 Bxh3+ 17. Rxh3 Qxc6 $19) 15... gxf6) ({Predecessor:} 12... hxg5 13. Nxg5 Qe7 14. Rg1 Rad8 15. exd5 Bxd5 16. Nde4 Rfe8 17. Nxf6+ Qxf6 18. Ne4 Bxe4 19. dxe4 {0-1 (48) Bauer,C (2520)-Onischuk,A (2610) Germany 1998}) 13. Nb3 (13. Nxe5 $1 $16 Nxe5 14. Qxh5 dxe4 15. d4 (15. gxh6 $2 Qd5 $19) 15... Nd3+ 16. Bxd3 exd3 17. dxc5) 13... Be7 (13... Bb6 $11) 14. Nxe5 Nxe5 $15 15. d4 {[#]} Bxg5 $1 16. Qxh5 {[#]} g6 $1 {[#]} 17. Bxg5 $1 $14 hxg5 18. Qe2 Nd7 19. O-O-O dxe4 20. Bxe4 Bxb3 21. axb3 Qe7 22. Bf3 Qxe2 23. Bxe2 Rae8 24. Bf3 Re6 25. Rde1 (25. Rhg1 $14) 25... Rf6 $11 {The position is equal.} 26. Bg4 Nb6 27. Rhf1 Rd8 28. Re7 Nd5 29. Re5 Kg7 30. Rxg5 {[#]} Ne3 $1 {[%mdl 64] Pin} 31. Re1 Nxg4 32. hxg4 Rxf2 {[%mdl 4096] Endgame KRR-KRR} 33. Rge5 Rh8 {White must now prevent ...Rhh2.} 34. R1e2 $1 Rh1+ 35. Kd2 Rxe2+ 36. Kxe2 {KR-KR} Rh2+ 37. Kd3 Rxb2 38. Rc5 Rxb3 39. Kc2 Ra3 40. Kb2 {To avoid Ra2+} Ra4 {And now ...Rc4 would win.} 41. Rxc7 Rc4 42. Ra7 b4 43. cxb4 Rxd4 44. Kc3 Rxg4 {Threatens to win with ...Rg1.} 45. Rxa6 Rg1 46. b5 Rb1 47. Ra5 Rc1+ 48. Kd4 $1 f5 49. b6 Rb1 50. Kc5 {Strongly threatening Rb5.} f4 51. Kc6 (51. Rb5 Rxb5+ 52. Kxb5 f3 53. Kc6 f2 54. b7 f1=Q 55. b8=Q Qc4+ 56. Kd7 Qf7+ 57. Kc6 Qf3+ 58. Kd7 Qd5+ 59. Ke7 Qf7+ 60. Kd8 Qg8+ 61. Kc7 Qxb8+ 62. Kxb8 g5 63. Kc8 g4 64. Kd8 g3 65. Ke7 g2 66. Ke6 g1=Q 67. Kd5 Kf6 68. Kc4 Ke5 69. Kc3 Qd1 70. Kc4 Kd6 71. Kc3 Kc5 72. Kb2 Kc4 73. Ka2 Kc3 74. Ka3 Qb3#) 51... Rc1+ (51... f3 $5 {[%cal Rf3f2]} 52. Ra7+ (52. Ra2 $2 g5 $19) 52... Kg8 53. Ra8+ (53. Ra2 g5 $11) 53... Kg7 54. Ra7+ (54. Ra2 $2 g5 $19) 54... Kf6 $11) 52. Kd6 Rb1 53. Kc6 Rc1+ (53... f3 $5 54. Ra7+ (54. Ra2 $2 g5 $19) 54... Kg8 $11) 54. Kd6 {Weighted Error Value: White=0.11 (very precise) /Black=0.14 (very precise)} 1/2-1/2

[Event "Azerbaijan Championship 2022"]
[Site "Nakhchivan"]
[Date "2022.02.12"]
[Round "8.6"]
[White "Eynullayev, Atilla"]
[Black "Muradli, Mahammad"]
[Result "0-1"]
[WhiteElo "2324"]
[BlackElo "2528"]
[Annotator "TA"]
[PlyCount "90"]
[EventDate "2022.02.05"]
[EventCountry "AZE"]
[SourceTitle "playchess.com"]
[Source "ChessBase"]
[SourceQuality "1"]

{[%evp 14,90,14,6,54,41,45,39,41,34,66,22,33,13,22,-38,-45,-57,-60,-39,-49,-64,-41,-48,-47,-129,-147,-136,-132,-127,-81,-125,-128,-134,-132,-188,-164,-347,-339,-335,-334,-262,-266,-261,-245,-250,-267,-253,-254,-254,-249,-248,-257,-378,-394,-393,-394,-403,-393,-389,-400,-393,-352,-383,-387,-530,-523,-565,-442,-414,-454,-434,-432,-522,-502,-604,-574,-564,-546]} 1. e4 c5 2. Nf3 d6 3. d4 cxd4 4. Nxd4 Nf6 5. Nc3 a6 6. Be2 e6 7. Be3 Be7 8. g4 Nfd7 $1 {[%mdl 4] is more profitable than 8...Nc6 at the moment. B84: Sicilian Scheveningen: 6 Be2 a6, lines without early Be3.} (8... b5 $11) 9. h4 b5 10. a3 Bb7 {White is slightly better.} 11. g5 Nc6 12. f4 {[#]} (12. Nxc6 $14 {was preferrable.} Bxc6 13. Qd4) 12... O-O $146 ({Predecessor:} 12... Rc8 13. h5 O-O 14. Qd2 Nxd4 15. Bxd4 e5 16. Be3 exf4 17. Bxf4 Ne5 18. O-O-O Qc7 {1-0 (33) Donskov,A (2286)-Volkov,R (2161) St Petersburg 2021}) 13. Qd2 Rb8 14. h5 ({White should try} 14. Rg1 $11) 14... Nxd4 $1 $15 15. Qxd4 e5 16. Qd2 {And now f5 would win.} Nc5 $1 17. O-O-O Nxe4 18. Nxe4 Bxe4 19. Rhg1 (19. h6 $15 g6 20. Rhf1) 19... b4 $1 $17 20. axb4 {[#]} d5 $1 21. Bc5 {[#]} Qd7 (21... a5 $142 $1 {[%cal Ra5b4]} 22. fxe5 axb4 23. Bxe7 Qxe7) 22. Bxe7 (22. fxe5 $2 Bxc5 23. bxc5 Qa4 $19) (22. Qc3 $142) 22... Qxe7 $40 {[%mdl 128] Black goes for the king.} 23. fxe5 Rxb4 {Hoping for ...Rfb8.} 24. Qc3 (24. c3 $17) 24... Rbb8 25. Bxa6 (25. Qa3 Rfc8 26. Bd3 (26. Qxe7 Rxc2+ 27. Kb1 Rbxb2+ 28. Ka1 Ra2+ 29. Kb1 Rcb2+ 30. Kc1 Rb1#) 26... Qxe5 27. Bxe4 dxe4 28. Kb1) 25... Qa7 $19 26. Bd3 {[%cal Oe5e6]} Rfc8 {( -> ...Qe3+)} 27. Qa3 Qf2 28. Kb1 Ra8 (28... Rxc2 $2 29. Bxc2 Bxc2+ 30. Ka2 Bxd1 31. Rxd1 $19) 29. Rgf1 Qh2 {Dancing on a razor blade.} 30. Qb3 {Threatens to win with Bxe4.} Rab8 (30... Qxh5 31. Bxe4 dxe4 32. e6 Qxg5 33. Rxf7 $16 (33. exf7+ Kf8 $14)) 31. Qa3 {[%cal Oe5e6]} Rxc2 32. Bxc2 Bxc2+ 33. Ka1 (33. Ka2 {was necessary.} Bxd1 34. Rxd1) 33... Bxd1 34. Rxd1 Qxh5 {[%mdl 4096] Endgame KQR-KQR} 35. Qd3 Ra8+ ({Don't go for} 35... Qh2 $2 36. Rd2 Qg1+ 37. Rd1 $19) 36. Kb1 Qxg5 37. Qxd5 Qf5+ 38. Rd3 Re8 39. Ka1 h5 40. Re3 Qf1+ 41. Ka2 Qa6+ 42. Kb1 {Black is clearly winning.} Qg6+ ({Avoid the trap} 42... Ra8 $2 43. e6 Qf1+ 44. Kc2 Rc8+ 45. Kb3 $19) 43. Re4 Re6 44. b4 Qf5 45. Kb2 g5 {Weighted Error Value: White=0.34/Black=0.08 (flawless)} 0-1

[Event "Azerbaijan Championship 2022"]
[Site "Nakhchivan"]
[Date "2022.02.12"]
[Round "8.7"]
[White "Mammadov, Sadig"]
[Black "Shahaliyev, Ismayil"]
[Result "0-1"]
[WhiteElo "2220"]
[BlackElo "2380"]
[Annotator "TA"]
[PlyCount "100"]
[EventDate "2022.02.05"]
[EventCountry "AZE"]
[SourceTitle "playchess.com"]
[Source "ChessBase"]
[SourceQuality "1"]

{[%evp 27,100,30,35,44,53,42,44,32,22,30,52,42,33,41,41,0,0,0,0,0,0,0,66,61,69,67,60,45,98,66,76,41,54,56,54,0,160,152,152,-138,-100,-108,-118,-130,-129,-196,-206,-455,-452,-466,-457,-449,-433,-491,-428,-414,-384,-602,-543,-922,-914,-1246,-1205,-989,-970,-911,-910,-749,-638,-611,-485,-669,-656,-1050,-951]} 1. d4 Nf6 2. c4 e6 3. Nc3 Bb4 4. e3 d5 5. a3 Bxc3+ 6. bxc3 O-O 7. cxd5 exd5 8. Bd3 c5 9. Ne2 {[%cal Bg1e2,Be2g3,Bg3f5][%mdl 32]} b6 10. O-O Ba6 11. f3 Re8 12. Ng3 Bxd3 13. Qxd3 Nc6 14. Bb2 c4 {14...h5 is the fancy move.} 15. Qd2 {E49: Nimzo-Indian: Rubinstein: 5 Bd3 d5 6 a3 Bxc3+ 7 bxc3.} h5 16. Rae1 h4 17. Nf5 {[%cal Oe3e4] White is slightly better. was the old line (17.Nh1).} Ne7 $1 18. g4 hxg3 19. Nxg3 Qd7 20. e4 {Inhibits Nf5.} Qh3 {[#]} 21. Qg5 $146 (21. Qg2 $14 Qxg2+ 22. Kxg2) ({Predecessor:} 21. Kh1 Ng6 22. Bc1 dxe4 23. fxe4 Nxe4 24. Nxe4 Rxe4 25. Qg2 Qxg2+ 26. Kxg2 Rae8 27. Rxe4 Rxe4 28. Bd2 Kf8 29. Kf3 f5 30. Re1 Nh4+ 31. Kg3 Rg4+ {0-1 (31) Goldobin,M (2237)-Zenzera,A (2423) St Petersburg 2015}) 21... Nh7 $11 22. Qh5 Qxh5 23. Nxh5 f5 24. Bc1 Kf7 (24... Nf6 $11 25. Nxf6+ gxf6) 25. Ng3 $1 $14 g6 26. Re2 Rad8 27. h4 Rd6 ({Better is} 27... Rg8 $14) 28. Bf4 Re6 29. Be5 Nf6 30. Rg2 Nd7 31. Bf4 (31. exf5 $14 Nxf5 32. Nxf5 Nxe5 33. Nh6+ (33. dxe5 gxf5 34. f4 Rh6 $17) 33... Kg7 34. dxe5 Kxh6 35. f4) 31... Rh8 $2 {[#]} (31... fxe4 $11 32. fxe4 dxe4) 32. Bg5 Nf6 {[%cal Rd5e4]} 33. a4 $2 (33. e5 $16 {and life is bright.} Nh5 34. Nxh5 Rxh5 35. Rb1) 33... dxe4 $17 34. Bxf6 Rxf6 35. fxe4 Rxh4 36. d5 (36. Re1 $17) 36... fxe4 $19 {[%cal Bf5e4,Be4e3][%mdl 32]} 37. d6 $2 (37. Rxf6+ Kxf6 38. d6) 37... Rxf1+ 38. Nxf1 {[%mdl 4096] Endgame KRN-KRN} Nf5 39. d7 Ke7 40. Nd2 Kxd7 41. Nxc4 e3 42. Ne5+ (42. Nb2 $142) 42... Ke6 {Black is clearly winning.} 43. Ng4 Kd5 44. Kf1 Ke4 45. Ke2 Kf4 46. Nxe3 Nxe3 47. Rxg6 Nd5 48. a5 Ke5 {[#] ( -> ...Nf4+)} 49. Rc6 b5 {And now ...Rc4 would win.} 50. a6 Rc4 {Weighted Error Value: White=0.57/Black=0.19 (very precise)} 0-1